000 00277nam a2200109Ia 4500
005 20251222154355.0
008 251222s9999||||xx |||||||||||||| ||spa||
082 _a323.498.5/C79C
245 0 _aInforme Final:
264 _bComisión de la Verdad y Reconciliación
942 _cLIB
999 _c35067
_d35067